000 00520nam a2200157Ia 4500
008 160316s2005 xxu||||| |||| 00| 0 eng d
082 _a658.400000
_bKOB
100 _aKobayashi-Hillary Mark
245 _aOutsourcing to India : The offshore advantage
250 _a2nd
260 _aLondon
_bSpringer
_c2005
300 _a320p
_b
_cxvi
365 _b Rs.895
650 _a1. Electronic Data Processing Departments - Contracting Out - India 2. Business Etiquette - India 3. Offshore Outsourcing - India
700 _a
_a
999 _c23003
_d23003